Regulación del mercado de tecnología en América Latina. Evaluación de algunos de sus resultados (Registro nro. 16368)
[ vista simple ]
| 000 -LEADER | |
|---|---|
| fixed length control field | 00395 a2200109 4500 |
| 001 - CONTROL NUMBER | |
| control field | ART_3414 |
| 005 - DATE AND TIME OF LATEST TRANSACTION | |
| control field | 20260410161714.0 |
| 008 - FIXED-LENGTH DATA ELEMENTS--GENERAL INFORMATION | |
| fixed length control field | 260409a |
| 100 1# - MAIN ENTRY--PERSONAL NAME | |
| Personal name | Correa, Carlos María |
| 245 10 - TITLE STATEMENT | |
| Title | Regulación del mercado de tecnología en América Latina. Evaluación de algunos de sus resultados |
| 773 0# - HOST ITEM ENTRY | |
| Title | Desarrollo económico |
| Related parts | - Vol. 22, Nº 85 (abr./jun. 1982) |
| Record control number | REV1174 |
No hay ítems disponibles.